000 01684cam a2200361 a 4500
001 he 68000287
003 DLC
005 20260227111453.0
008 900130m19679999is 000 0 heb
010 _ahe 68000287
035 _a(CStRLIN)DCLH90-B367
040 _aDLC
_cDLC
_dDLC-R
_dDLC
050 0 0 _aBM522.21
_b.R6 1967
066 _c(2
100 1 _6880-01
_aAharonson, Yehoshuʻa Mosheh ben Mikhaʼel Eliyahu.
240 1 0 _6880-02
_aYeshuʻat Mosheh (Sheʼelot u-teshuvot)
245 1 0 _6880-03
_aSefer Yeshuʻat Mosheh :
_bkolel sheʼelot u-teshuvot, ḥiḳre u-verure halakhot /
_cYehoshuʻa Mosheh ben Mikhaʼel Eliyahu Aharonson.
260 _6880-04
_aPetaḥ-Tiḳṿah :
_bY.M. ben M.E. Ahronson,
_c1967-<[1983 or 1984 ]>
300 _a<v. 1-4; in 3 > ;
_c25 cm.
500 _aSpine title: Shut Yeshuʻat Mosheh.
500 _aVols. 3-4 have publication date: 5744.
650 0 _aResponsa
_y1948-
740 0 _6880-05
_aYeshuʻat Mosheh.
740 0 _6880-06
_aShut Yeshuʻat Mosheh.
740 0 _6880-07
_aSheʼelot u-teshuvot Yeshuʻat Mosheh.
880 1 _6100-01/(2/r
_aאהרנסון, יהושע משה בן מיכאל אליהו.
880 1 0 _6240-02/(2/r
_aישועת משה
880 1 0 _6245-03/(2/r
_aספר ישועת משה :
_bכולל שאלות ותשובות, חקרי וברורי הלכות /
_cיהושע משה בן מיכאל אליהו אהרנסון.
880 _6260-04/(2/r
_aפתח־תקוה :
_bי.מ. בן מ.א. אהרנסון,
_c1967-<[1983 or 1984 ]>.
880 0 _6740-05/(2/r
_aישועת משה.
880 0 _6740-06/(2/r
_aשו״ת ישועת משה.
880 0 _6740-07/(2/r
_aשאלות ותשובות ישועת משה.
999 _c32875
_d32875